| 000 | 00774cam a22002891 4500 | ||
|---|---|---|---|
| 001 | 311029 | ||
| 003 | OSt | ||
| 005 | 20170105095820.0 | ||
| 008 | 850212s1963 nyua b 001 0 eng | ||
| 010 | _a 63020192 | ||
| 035 | _a(OCoLC)1670307 | ||
| 035 | _a(OCoLC)ocm01670307 | ||
| 035 | _a(CStRLIN)NYCG85-B14833 | ||
| 035 | _a(NNC)311029 | ||
| 040 |
_cIEN _dCU-SB |
||
| 050 | 0 |
_aHM15 _b.R58 |
|
| 082 | _a301.082 | ||
| 090 |
_aHM15 _b.R58 |
||
| 100 | 1 |
_aRoss, H. Laurence _q(Hugh Laurence), _eeditor. |
|
| 245 | 1 | 0 |
_aPerspectives on the social order; _breadings in sociology. |
| 260 |
_aNew York, _bMcGraw-Hill _c[1963] |
||
| 300 |
_a467 p. _bdiagrs. _c26 cm. |
||
| 504 | _aIncludes bibliographies. | ||
| 650 | 0 | _aSociology. | |
| 942 |
_2ddc _cBK |
||
| 999 |
_c118 _d118 |
||